La plainte - Statistiques

Statistiques générales
  • Ce quiz a été pris 22 fois
  • Le résultat moyen est 52 sur 184
Statistiques - réponses
Réponse % Correct
La
83%
Et
50%
Je
50%
Suis
50%
A
42%
Il
42%
Le
42%
Ce
33%
De
33%
Des
33%
On
33%
Peu
33%
Pour
33%
Quand
33%
Sais
33%
Aucune
25%
Aussi
25%
Aux
25%
Avant
25%
Avoir
25%
Bien
25%
Bonnes
25%
Ça
25%
C’est
25%
Choses
25%
Comme
25%
Compte
25%
Cours
25%
Dans
25%
Développé
25%
Développer
25%
Diriger
25%
Du
25%
D’université
25%
En
25%
Envie
25%
Faire
25%
Faut
25%
Fils
25%
Fou
25%
France
25%
Gagner
25%
Idée
25%
J’ai
25%
J’arrive
25%
Les
25%
L’ochestre
25%
Ma
25%
Mais
25%
M’arrivent
25%
Maths
25%
Me
25%
M’énerve
25%
Mes
25%
Musclé
25%
Musique
25%
Ne
25%
Notes
25%
Outils
25%
Par
25%
Pas
25%
Passe
25%
Possible
25%
Pute
25%
Que
25%
Qui
25%
Rapport
25%
Relation
25%
Rendre
25%
Rends
25%
Répond
25%
Se
25%
Sport
25%
Suppose
25%
Toujours
25%
Tout
25%
Trop
25%
Une
25%
Vrai
25%
Culture
17%
D’être
17%
Dieu
17%
Française
17%
Humaine
17%
Juge
17%
Meilleur
17%
M’installer
17%
Peux
17%
Simple
17%
Simplement
17%
Société
17%
Face
8%
Jours
8%
L’éviter
8%
Mit
8%
Tous
8%
Aucun quiz correspondant
Distribution des résultats
% des personnes avec chaque résultat
Percentile par nombre de réponses
Votre historique - résultats
Vous n’avez pas pris ce quiz